Comme pas deux - PNL - Statistiques

Statistiques générales
  • Ce quiz a été pris 283 fois
  • Le résultat moyen est 298 sur 411
Statistiques - réponses
Réponse % Correct
J'
99%
j'
99%
c'
98%
t'
98%
T'
98%
à
96%
A
96%
comme
96%
Comme
96%
d'
96%
ta
95%
vie
95%
ce
93%
Ce
93%
l'
93%
m'
93%
pas
92%
qu'
92%
peut
91%
ai
89%
dans
89%
me
89%
que
88%
soir
88%
ma
86%
Sans
85%
sans
85%
deux
84%
Le
84%
est
83%
pu
83%
te
83%
mon
82%
putain
82%
Putain
82%
pour
81%
aime
80%
H
80%
avant
79%
écris
79%
fume
79%
mes
79%
trop
79%
faire
78%
kra
78%
la
78%
La
78%
quand
77%
coeur
76%
commencé
76%
être
76%
arrive
75%
réfléchir
75%
Il
74%
il
74%
22
73%
aimer
73%
fumer
73%
ou
73%
pense
73%
était
72%
monde
72%
âme
70%
ça
70%
des
70%
serré
70%
si
70%
sors
70%
en
69%
Fais
69%
fais
69%
navigue
69%
tard
68%
dois
67%
jamais
67%
milliers
66%
oublier
66%
Tarterêts
66%
un
66%
vivre
66%
crever
65%
grammes
65%
Pourquoi
65%
du
64%
eux
64%
montré
64%
rêves
64%
sauf
62%
épine
58%
façon
58%
ne
58%
tir
58%
connais
57%
hram
57%
panique
57%
près
57%
tu
57%
une
57%
frère
56%
voir
56%
pire
55%
Cette
54%
devenir
54%
kiffe
54%
okay
54%
poursuis
54%
p'tit
54%
aurais
53%
délire
53%
loin
53%
tasse
53%
fait
51%
faut
51%
hess
51%
suis
51%
Day
50%
qui
50%
Training
50%
les
49%
saches
49%
caisse
48%
sorti
47%
Denzel
46%
sale
45%
Hemi
44%
hemi
44%
moi
42%
Moi
42%
nombril
42%
Bouge
41%
bouge
41%
lâches
41%
suspect
41%
F-F
40%
ton
40%
zone
40%
bambina
39%
Latina
39%
sur
39%
tes
38%
couleur
37%
hiver
37%
pink
37%
re-cui
37%
tcha
37%
Tous
37%
flow
36%
rempli
36%
coke
35%
par
35%
plus
35%
bonne
34%
yellow
34%
avec
33%
cambré
33%
été
33%
crois
32%
lui
32%
dise
31%
ongles
31%
délits
30%
encore
30%
princesse
29%
veulent
29%
voudrait
29%
Bécane
28%
rayon
28%
signe
28%
non
27%
Oh
27%
tieks
27%
Ya
27%
yes
27%
sers
25%
mmh
24%
Jack
22%
emballer
21%
touché
21%
weed
21%
gouines
20%
ouais
20%
réglée
18%
compromets
17%
greens
12%
aimerai
6%
Aucun quiz correspondant
Distribution des résultats
% des personnes avec chaque résultat
Percentile par nombre de réponses
Votre historique - résultats
Vous n’avez pas pris ce quiz